000 01389nac a22005050a 4500
001 PT51753
003 AR-LpoUNG
005 20210201005510.0
008 201001s1976||||sp |||||||||||||||||spa d
020 _a8471132001
_c$4
040 _aAR-LpoUNG
_bspa
_eaacr
041 _aspa
044 _asp
082 0 _aR920.02 844v7
100 1 _aRevilla, Federico
245 1 0 _aJuan XXIII
250 _a1§ ed.
260 _aBilbao :
_bMoretón,
_c1976.
300 _a488 p. :
_bfot.
_a(10
_fVolúmenes)
_3Impreso
490 0 _aGrandes Biografías
505 0 _aContenido: Juan XXIII / Federico Revilla - Elcano / María Luisa Celaa - Victoria de Inglaterra / María Sanz - Che Guevara / Alfonso Dubois
650 4 _aARGENTINA
650 4 _aBIOGRAFIAS
650 4 _aIDEOLOGIAS POLITICAS
650 4 _aIGLESIA
650 4 _aIGLESIA CATOLICA
650 4 _aITALIA
650 4 _aMARINOS
650 4 _aMATERIAL DE REFERENCIA
650 4 _aMEDICOS
650 4 _aPAPAS
650 4 _aREVOLUCION
650 4 _aSANTA SEDE
651 4 _aDOCUMENTOS TEORICOS O METODOLOGICOS
653 _aELCANO, JUAN SEBASTIAN
653 _aGUEVARA, ERNESTO
653 _aMONARQUIA
653 _aRONCALLI, ANGELO GIUSEPPE
653 _aVATICANO
700 1 _aCelaa, María Luisa
700 1 _aDubois, Alfonso
700 1 _aSanz, María
905 _a51753
942 _cLSALA
999 _c49889
_d49889